| 000 | 00529nam a22001937a 4500 | ||
|---|---|---|---|
| 003 | KOHA_MİRAKIL | ||
| 005 | 20251107131629.0 | ||
| 008 | 251107b tu ||||| |||| 00| 0 tur d | ||
| 020 | _a9786051725321 | ||
| 040 |
_aTR-AnABB _btur _cTR-AnABB |
||
| 041 | _atur | ||
| 082 |
_a843.8 _bZOL 2022 |
||
| 100 | 1 | _aZola, Emile, | |
| 245 | 1 | 0 |
_aRahip Mouret'nin günahı / _cEmile Zola |
| 260 |
_aİstanbul : _bYordam Kitap, _c2022 |
||
| 300 |
_a384 sayfa ; _c20 cm |
||
| 650 | 0 | 4 | _aFransız edebiyatı, roman |
| 942 |
_2ddc _cBK |
||
| 999 |
_c9294 _d9294 |
||
| 900 | _bGizem YORULMAZ | ||